000 00288nam a22001337a 4500
008 170313b xxu||||| |||| 00| 0 eng d
020 _a9780321545763
041 _aeng
080 _28 ED
_a591
100 _a7
101 _aSHM
245 _aVERTEBRATE LIFE
_cPOUGH.E.H
942 _2udc
_cBK
999 _c7689
_d7689